Eternity in motion / (Record no. 41245)

MARC details
000 -LEADER
fixed length control field 00649nam a22002057a 4500
005 - DATE AND TIME OF LATEST TRANSACTION
control field 2010081207337.0
010 ## - LCCN (DPL NO)
LC control number ENG-99945
020 ## - INTERNATIONAL STANDARD BOOK NUMBER
International Standard Book Number 9788180481321
Terms of availability 190.00
035 ## - SYSTEM CONTROL NUMBER
System control number EN-83477
037 ## - SOURCE OF ACQUISITION
Source of stock number/acquisition DBAD/PUB
082 ## - DEWEY DECIMAL CLASSIFICATION NUMBER
Classification number 881
100 ## - MAIN ENTRY--PERSONAL NAME
Personal name Kaur, Kulbir
245 ## - TITLE STATEMENT
Title Eternity in motion /
Statement of responsibility, etc by Kulbir Kaur
260 ## - PUBLICATION, DISTRIBUTION, ETC. (IMPRINT)
Place of publication, distribution, etc Chandigarh
Name of publisher, distributor, etc Arun Publishing House
Date of publication, distribution, etc 2008
270 ## - ADDRESS
Address SCO 49-51, Sector 17 C.
City Chandigarh
Postal code 160017
300 ## - PHYSICAL DESCRIPTION
Extent 80p.
Dimensions 21cm (Hb)
650 ## - SUBJECT ADDED ENTRY--TOPICAL TERM
Topical term or geographic name as entry element Poetry
942 ## - ADDED ENTRY ELEMENTS (KOHA)
Source of classification or shelving scheme Dewey Decimal Classification
Item type English Books
Classification part 881
Call number suffix KAU
Holdings
Withdrawn status Lost status Not for loan Collection code Home library Current library Date acquired Source of acquisition Cost, normal purchase price Full call number Barcode Copy number Cost, replacement price Koha item type
    Not For Loan Non-fiction D.B.Act.Division Bawana 12/08/2010 DBAD/PUB 190.00 881 KAU EN-83477 1 190.00 English Books

© Delhi Public Library
Hit Counter
free hit counter